[Event "Gijon RGCC op 7th"]
[Site "Gijon"]
[Date "2023.08.08"]
[Round "5"]
[White "Bringas Gomez, Artai"]
[Black "Dan, Teodor"]
[Result "1-0"]
[WhiteElo "2220"]
[BlackElo "1994"]
[PlyCount "67"]
[EventDate "2023.08.05"]
[EventType "swiss"]
[EventRounds "9"]
[EventCountry "ESP"]
[SourceTitle "EXT 2024"]
[Source "ChessBase"]
[SourceDate "2023.10.10"]
[SourceVersion "1"]
[SourceVersionDate "2023.10.10"]
[SourceQuality "1"]

1. d4 g6 2. e4 Bg7 3. c3 d6 4. Bd3 Nf6 5. Nf3 0-0 6. 0-0 Nc6 7. a4 a5 8. Nbd2 e5 9. dxe5 dxe5 10. Bb5 Bd7 11. Qc2 Ne8 12. b3 Nd6 13. Ba3 Re8 14. Bxd6 cxd6 15. Rad1 Be6 16. Nc4 Bxc4 17. Bxc4 Qe7 18. Rd5 Red8 19. Rfd1 Bh6 20. Qd3 Bf8 21. g3 Kg7 22. Qb1 Qc7 23. R5d3 Be7 24. Nd2 Nb8 25. Bb5 Na6 26. Bxa6 Rxa6 27. Nc4 Rb8 28. Rd5 Qc6 29. Qd3 b5 30. Nxe5 Qb7 31. axb5 Rb6 32. Nc6 Ra8 33. Nxe7 Qxe7 34. Qd4+ 1-0

[Event "Titled Tuesday intern op 30th May Late"]
[Site "Chess.com INT"]
[Date "2023.05.30"]
[Round "5"]
[White "Bringas Gomez, Artai"]
[Black "Mekhitarian, Krikor Sevag"]
[Result "0-1"]
[WhiteElo "2213"]
[BlackElo "2537"]
[PlyCount "104"]
[EventDate "2023.05.30"]
[EventType "swiss (blitz)"]
[EventRounds "11"]
[EventCountry "USA"]
[SourceTitle "CBM 214 Extra"]
[Source "ChessBase"]
[SourceDate "2023.07.31"]
[SourceVersion "1"]
[SourceVersionDate "2023.07.31"]
[SourceQuality "1"]

1. e4 e6 2. Nc3 d5 3. d4 Nf6 4. e5 Nfd7 5. f4 c5 6. Nf3 Nc6 7. Be3 cxd4 8. Nxd4 Qb6 9. Qd2 Qxb2 10. Rb1 Qa3 11. Bb5 Nxd4 12. Bxd4 a6 13. Bxd7+ Bxd7 14. Rxb7 Bb4 15. 0-0 Bc8 16. Rb6 0-0 17. Rb1 Bc5 18. R6b3 Qa5 19. Qe3 Bxd4 20. Qxd4 Bd7 21. Nd1 Rac8 22. Ne3 h6 23. h4 Rc7 24. h5 Rfc8 25. Kh2 Qc5 26. Qd2 d4 27. Ng4 Qxc2 28. Qxd4 Qf5 29. Rg3 Qxh5+ 30. Kg1 Kh8 31. Qd6 Qf5 32. Kh2 Qxb1 33. Nxh6 Qh7 34. Qe7 Bb5 35. Qd6 gxh6 36. f5 Rd7 37. Qd2 exf5 38. Qf4 Rg8 39. e6 fxe6 40. Qe5+ Rdg7 41. Qf6 f4 42. Rh3 Bd3 43. Rxh6 Qxh6+ 44. Qxh6+ Rh7 45. Kg1 Rxh6 46. a4 Rf6 47. a5 Rfg6 48. Kh1 Rg3 49. Kh2 Rxg2+ 50. Kh1 R2g3 51. Kh2 Bf5 52. Kh1 Rh3# 0-1

[Event "Titled Tuesday intern op 30th May Late"]
[Site "Chess.com INT"]
[Date "2023.05.30"]
[Round "6"]
[White "Bringas Gomez, Artai"]
[Black "Sieciechowicz, Marcin"]
[Result "0-1"]
[WhiteElo "2213"]
[BlackElo "2387"]
[PlyCount "134"]
[EventDate "2023.05.30"]
[EventType "swiss (blitz)"]
[EventRounds "11"]
[EventCountry "USA"]
[SourceTitle "CBM 214 Extra"]
[Source "ChessBase"]
[SourceDate "2023.07.31"]
[SourceVersion "1"]
[SourceVersionDate "2023.07.31"]
[SourceQuality "1"]

1. e4 e6 2. Nf3 d5 3. Nc3 Nf6 4. d3 dxe4 5. Nxe4 Nxe4 6. dxe4 Qxd1+ 7. Kxd1 Bc5 8. Ke2 0-0 9. Be3 Bxe3 10. Kxe3 Nd7 11. Bb5 c6 12. Be2 Nf6 13. Nd2 e5 14. Nc4 Re8 15. Nd6 Re7 16. Rad1 Be6 17. a4 Kf8 18. f3 Rd8 19. Nc4 Rxd1 20. Rxd1 Bxc4 21. Bxc4 Nd7 22. a5 Nf6 23. b4 Rd7 24. Rb1 a6 25. Be2 Ne8 26. h4 Ke7 27. c3 Nc7 28. Rd1 Rxd1 29. Bxd1 Kd6 30. Bb3 f6 31. Bg8 h6 32. Bc4 c5 33. g4 Kc6 34. f4 b6 35. axb6 Kxb6 36. g5 Nb5 37. gxh6 gxh6 38. fxe5 fxe5 39. Kd3 cxb4 40. cxb4 Nd4 41. Kc3 Nf3 42. h5 Ng5 43. Bd5 Nh3 44. Kc4 Nf4 45. Bf7 Kc6 46. Be8+ Kd6 47. Bf7 Ke7 48. Bg8 Nxh5 49. Kc5 Nf6 50. Bc4 Nxe4+ 51. Kb6 h5 52. Kxa6 Nd6 53. Bf1 h4 54. b5 e4 55. b6 e3 56. b7 Nxb7 57. Kxb7 h3 58. Bxh3 e2 59. Bg2 e1Q 60. Bc6 Qb4+ 61. Kc7 Qc5 62. Kb7 Kd6 63. Bh1 Qc7+ 64. Ka8 Kc5 65. Bc6 Kb6 66. Bb7 Qd8+ 67. Bc8 Qxc8# 0-1

[Event "Titled Tuesday intern op 27th Dec Early"]
[Site "Chess.com INT"]
[Date "2022.12.27"]
[Round "4"]
[White "Bringas Gomez, Artai"]
[Black "Roque Sola, Jose Luis"]
[Result "1-0"]
[WhiteElo "2206"]
[BlackElo "2217"]
[PlyCount "43"]
[EventDate "2022.12.27"]
[EventType "swiss (blitz)"]
[EventRounds "11"]
[EventCountry "USA"]
[SourceTitle "EXT 2024"]
[Source "ChessBase"]
[SourceDate "2023.10.10"]
[SourceVersion "1"]
[SourceVersionDate "2023.10.10"]
[SourceQuality "1"]

1. e4 e6 2. Nf3 d5 3. d3 c5 4. Nc3 Nc6 5. Be2 Nf6 6. 0-0 g6 7. exd5 exd5 8. d4 cxd4 9. Nxd4 Nxd4 10. Qxd4 Bg7 11. Bb5+ Bd7 12. Re1+ Kf8 13. Bg5 Bxb5 14. Nxb5 a6 15. Nc3 Qd6 16. Bf4 Qc6 17. Be5 Rd8 18. Rad1 Ne8 19. Bxg7+ Nxg7 20. Nxd5 Rg8 21. Qh4 Rxd5 22. Qe7# 1-0

[Event "Titled Tuesday intern op 27th Dec Early"]
[Site "Chess.com INT"]
[Date "2022.12.27"]
[Round "10"]
[White "Kvaloy, Aksel Bu"]
[Black "Bringas Gomez, Artai"]
[Result "1-0"]
[WhiteElo "2230"]
[BlackElo "2206"]
[PlyCount "77"]
[EventDate "2022.12.27"]
[EventType "swiss (blitz)"]
[EventRounds "11"]
[EventCountry "USA"]
[SourceTitle "EXT 2024"]
[Source "ChessBase"]
[SourceDate "2023.10.10"]
[SourceVersion "1"]
[SourceVersionDate "2023.10.10"]
[SourceQuality "1"]

1. d4 d5 2. c4 c6 3. Nf3 e6 4. g3 Nf6 5. Bg2 Bd6 6. 0-0 0-0 7. Qc2 Nbd7 8. Nc3 dxc4 9. Nd2 Nb6 10. Nce4 Be7 11. e3 Qc7 12. Nxc4 Nxc4 13. Qxc4 Nd5 14. b3 e5 15. Bb2 Be6 16. Qc2 Nb4 17. Qe2 exd4 18. Bxd4 c5 19. Bb2 c4 20. Rac1 Rac8 21. bxc4 Bxc4 22. Qg4 f6 23. Rfd1 h5 24. Qxh5 Rfd8 25. Rxd8+ Rxd8 26. Nxf6+ Bxf6 27. Bxf6 Nd3 28. Rc3 Rf8 29. Bxg7 Qxg7 30. Rxc4 Qa1+ 31. Bf1 Ne5 32. Qg5+ Kf7 33. Rf4+ Ke8 34. Re4 Kd7 35. Qxe5 Rxf2 36. Qd5+ Kc7 37. Rc4+ Kb6 38. Qc5+ Ka6 39. Ra4# 1-0

[Event "Santiago de Compostela Bicapawn GP B4"]
[Site "Santiago de Compostela"]
[Date "2022.10.21"]
[Round "2"]
[White "Bringas Gomez, Artai"]
[Black "Petrosyan, Manuel"]
[Result "0-1"]
[WhiteElo "2206"]
[BlackElo "2609"]
[PlyCount "58"]
[EventDate "2022.10.21"]
[EventType "swiss (blitz)"]
[EventRounds "9"]
[EventCountry "ESP"]
[SourceTitle "CBM 210 Extra"]
[Source "ChessBase"]
[SourceDate "2022.11.30"]
[SourceVersion "1"]
[SourceVersionDate "2022.11.30"]
[SourceQuality "1"]

1. Nf3 d5 2. d3 Nf6 3. Nbd2 Nc6 4. e4 e5 5. Be2 Bc5 6. 0-0 0-0 7. c3 Re8 8. b4 Bf8 9. a3 a5 10. Bb2 b5 11. a4 axb4 12. axb5 Rxa1 13. Qxa1 bxc3 14. Bxc3 dxe4 15. bxc6 exf3 16. Nxf3 Nd5 17. Bb2 Nf4 18. Re1 f6 19. d4 Nxe2+ 20. Rxe2 e4 21. Nd2 Qd5 22. Qa8 Bd7 23. Qb7 Qxc6 24. Qb3+ Be6 25. Qe3 Bd5 26. f3 exf3 27. Qxe8 fxe2 28. Qxe2 Qc2 29. Qh5 Bf7 0-1

[Event "Santiago de Compostela Bicapawn GP B4"]
[Site "Santiago de Compostela"]
[Date "2022.10.21"]
[Round "9"]
[White "Strikovic, Aleksa"]
[Black "Bringas Gomez, Artai"]
[Result "0-1"]
[WhiteElo "2484"]
[BlackElo "2206"]
[PlyCount "132"]
[EventDate "2022.10.21"]
[EventType "swiss (blitz)"]
[EventRounds "9"]
[EventCountry "ESP"]
[SourceTitle "CBM 210 Extra"]
[Source "ChessBase"]
[SourceDate "2022.11.30"]
[SourceVersion "1"]
[SourceVersionDate "2022.11.30"]
[SourceQuality "1"]

1. c4 c5 2. Nf3 Nc6 3. d4 cxd4 4. Nxd4 Nf6 5. Nc3 e6 6. e4 Bc5 7. Nxc6 dxc6 8. Qxd8+ Kxd8 9. Bf4 Nh5 10. Bd2 e5 11. f3 Ke7 12. 0-0-0 Be6 13. Na4 Bd4 14. Bb4+ Ke8 15. Nc5 Bxc5 16. Bxc5 Nf6 17. Be2 Nd7 18. Bd6 f6 19. Rd2 Nb6 20. b3 Nc8 21. Ba3 Nb6 22. Rhd1 Kf7 23. g3 Rac8 24. Bc5 Rc7 25. f4 exf4 26. gxf4 f5 27. e5 Rd7 28. Bd6 Rhd8 29. h4 Nc8 30. Bb4 Rxd2 31. Bxd2 c5 32. Rg1 Ne7 33. Be3 b6 34. Bf3 Bd7 35. Bd5+ Be6 36. Bxe6+ Kxe6 37. Rxg7 Rd3 38. Bd2 Nc6 39. Rxh7 Nd4 40. Rh6+ Ke7 41. Rd6 Rh3 42. b4 Rh1+ 43. Kb2 Rh2 44. Kc3 Rh3+ 45. Kb2 Rh2 46. Kb1 Rxd2 47. bxc5 bxc5 48. Rd5 Rf2 49. Rxc5 Rxf4 50. Ra5 Rxh4 51. Rxa7+ Ke6 52. Kc1 Kxe5 53. Kd2 Rh2+ 54. Kd3 Rh3+ 55. Kd2 Nc6 56. Rc7 Kd6 57. Rf7 Ke6 58. Rc7 Rh2+ 59. Kc3 Ne5 60. a4 f4 61. Rc8 f3 62. Rf8 f2 63. a5 Nf7 64. a6 f1Q 65. a7 Qa1+ 66. Kd3 Rh3+ 0-1

[Event "Santiago de Compostela Bicapawn GP B3"]
[Site "Santiago de Compostela"]
[Date "2022.10.20"]
[Round "6"]
[White "Tejedor Fuente, Enrique"]
[Black "Bringas Gomez, Artai"]
[Result "1-0"]
[WhiteElo "2376"]
[BlackElo "2206"]
[PlyCount "79"]
[EventDate "2022.10.20"]
[EventType "swiss (blitz)"]
[EventRounds "9"]
[EventCountry "ESP"]
[SourceTitle "CBM 210 Extra"]
[Source "ChessBase"]
[SourceDate "2022.11.30"]
[SourceVersion "1"]
[SourceVersionDate "2022.11.30"]
[SourceQuality "1"]

1. d4 d6 2. Nf3 Nd7 3. e4 e5 4. Bc4 c6 5. 0-0 Be7 6. Qe2 Ngf6 7. Rd1 Qc7 8. a4 0-0 9. Nc3 b6 10. Nh4 g6 11. Bh6 Rd8 12. Bxf7+ Kxf7 13. Qc4+ Ke8 14. Nf3 Nf8 15. Ng5 d5 16. exd5 Nxd5 17. dxe5 Bxg5 18. Bxg5 Be6 19. Bxd8 Rxd8 20. Ne4 Qxe5 21. Qxc6+ Kf7 22. Re1 Kg7 23. a5 Rc8 24. Qa4 Qxb2 25. axb6 axb6 26. c3 Nxc3 27. Qd4+ Kg8 28. Nxc3 Qxc3 29. Qxb6 Qc6 30. Qd4 Ra8 31. Rac1 Qd5 32. Qe3 Bf7 33. h3 Ne6 34. Rcd1 Qc5 35. Qf3 Ra2 36. Rc1 Rc2 37. Rb1 Rc3 38. Qf6 Qc8 39. Qe5 Rc5 40. Rb8 1-0

[Event "Titled Tuesday intern op 16th Aug Late"]
[Site "Chess.com INT"]
[Date "2022.08.16"]
[Round "10"]
[White "Barash, Anton"]
[Black "Bringas Gomez, Artai"]
[Result "0-1"]
[WhiteElo "2088"]
[BlackElo "2202"]
[PlyCount "26"]
[EventDate "2022.08.16"]
[EventType "swiss (blitz)"]
[EventRounds "11"]
[EventCountry "USA"]
[SourceTitle "EXT 2023"]
[Source "ChessBase"]
[SourceDate "2022.10.05"]
[SourceVersion "1"]
[SourceVersionDate "2022.10.05"]
[SourceQuality "1"]

1. e4 d5 2. exd5 c6 3. dxc6 e5 4. Nf3 Nxc6 5. Bb5 Bc5 6. 0-0 Nge7 7. Nxe5 0-0 8. Nxc6 bxc6 9. Bc4 Bd6 10. d3 Nf5 11. Nc3 Qh4 12. g3 Qh3 13. Ne4 Nh4 0-1

[Event "Pontevedra op-A 10th"]
[Site "Pontevedra"]
[Date "2022.07.29"]
[Round "8"]
[White "Gonzalez Carro, Victor"]
[Black "Bringas Gomez, Artai"]
[Result "1/2-1/2"]
[WhiteElo "1808"]
[BlackElo "2203"]
[PlyCount "112"]
[EventDate "2022.07.24"]
[EventType "swiss"]
[EventRounds "9"]
[EventCountry "ESP"]
[SourceTitle "EXT 2023"]
[Source "ChessBase"]
[SourceDate "2022.10.05"]
[SourceVersion "1"]
[SourceVersionDate "2022.10.05"]
[SourceQuality "1"]

1. e4 c5 2. Nf3 d6 3. d4 Nf6 4. Nc3 cxd4 5. Nxd4 Nc6 6. Bc4 Qb6 7. Nb3 e6 8. Be3 Qc7 9. 0-0 Be7 10. f4 0-0 11. Be2 a6 12. a3 b5 13. Bf3 Bb7 14. g4 d5 15. exd5 Nxd5 16. Nxd5 exd5 17. c3 Rfe8 18. Qd2 Rad8 19. Qf2 Bh4 20. Qd2 d4 21. cxd4 Ne7 22. Rac1 Qb8 23. Nc5 Bxf3 24. Rxf3 Qc8 25. Qg2 Nd5 26. Bd2 Bf6 27. Nb3 Qd7 28. g5 Be7 29. f5 Bf8 30. g6 hxg6 31. fxg6 fxg6 32. Qxg6 Re6 33. Qg2 Rf6 34. Nc5 Qa7 35. Bg5 Rg6 36. Rg3 Be7 37. Bxe7 Qxe7 38. Rxg6 Qe3+ 39. Kh1 Qxc1+ 40. Qg1 Qxg1+ 41. Kxg1 Nf6 42. Rxg7+ Kxg7 43. Ne6+ Kg6 44. Nxd8 Kf5 45. Kf2 Ke4 46. Nc6 Kd5 47. Nb4+ Kxd4 48. Nxa6 Kc4 49. Nc7 b4 50. axb4 Ng4+ 51. Kg3 Nxh2 52. b5 Nf1+ 53. Kf2 Nd2 54. Ke3 Nb3 55. b6 Na5 56. Ne8 Kc5 1/2-1/2

[Event "Titled Tuesday intern op 19th Jul Late"]
[Site "Chess.com INT"]
[Date "2022.07.19"]
[Round "4"]
[White "Kozak, Adam"]
[Black "Bringas Gomez, Artai"]
[Result "1-0"]
[WhiteElo "2522"]
[BlackElo "2203"]
[PlyCount "117"]
[EventDate "2022.07.19"]
[EventType "swiss (blitz)"]
[EventRounds "11"]
[EventCountry "USA"]
[SourceTitle "EXT 2023"]
[Source "ChessBase"]
[SourceDate "2022.10.05"]
[SourceVersion "1"]
[SourceVersionDate "2022.10.05"]
[SourceQuality "1"]

1. e4 d6 2. d4 Nf6 3. Nc3 e5 4. Nf3 Nbd7 5. Rg1 c6 6. g4 d5 7. exd5 exd4 8. Nxd4 Nxd5 9. Nxd5 cxd5 10. a3 Bc5 11. Be3 0-0 12. Qd2 Ne5 13. Be2 Re8 14. 0-0-0 Bb6 15. f4 Nc4 16. Bxc4 dxc4 17. Qc3 Qe7 18. Rde1 Qh4 19. Bf2 Qd8 20. Rxe8+ Qxe8 21. Nf5 f6 22. Bxb6 axb6 23. Nd6 Qc6 24. Qxc4+ Qxc4 25. Nxc4 Be6 26. Nxb6 Ra6 27. f5 Bf7 28. Nd7 Ra5 29. Rg3 h5 30. h3 hxg4 31. hxg4 Rd5 32. Nb6 Re5 33. b4 g6 34. fxg6 Bxg6 35. a4 Re2 36. Rc3 Bf7 37. a5 Re4 38. b5 Rxg4 39. Rc7 Rb4 40. c4 Bxc4 41. Nxc4 Rxb5 42. Kc2 Kf8 43. Kc3 f5 44. Kd4 f4 45. Ke4 f3 46. Kxf3 Kg8 47. Ke4 Kf8 48. Kd4 Rb1 49. Kc5 Ke8 50. Nd6+ Kd8 51. Rxb7 Rc1+ 52. Kb6 Rc6+ 53. Kb5 Rxd6 54. a6 Kc8 55. Ka5 Re6 56. Rb1 Re2 57. a7 Ra2+ 58. Kb6 Kd7 59. Kb7 1-0

[Event "Titled Tuesday intern op 28th Jun Early"]
[Site "Chess.com INT"]
[Date "2022.06.28"]
[Round "5"]
[White "Bringas Gomez, Artai"]
[Black "Gueci, Tea"]
[Result "0-1"]
[WhiteElo "2203"]
[BlackElo "2266"]
[PlyCount "82"]
[EventDate "2022.06.28"]
[EventType "swiss (blitz)"]
[EventRounds "11"]
[EventCountry "USA"]
[SourceTitle "CBM 209 Extra"]
[Source "ChessBase"]
[SourceDate "2022.09.30"]
[SourceVersion "1"]
[SourceVersionDate "2022.09.30"]
[SourceQuality "1"]

1. e4 e6 2. d3 d5 3. Nf3 c5 4. Nbd2 Nc6 5. Be2 Nge7 6. 0-0 Ng6 7. Re1 Bd6 8. c3 0-0 9. a3 Bc7 10. b4 cxb4 11. axb4 Qd6 12. Bf1 Nce5 13. Nxe5 Qxe5 14. Nf3 Qxc3 15. Bd2 Qf6 16. Bg5 Qb2 17. Re2 Qxb4 18. Rb1 Qd6 19. e5 Qd7 20. d4 a6 21. Rc1 f6 22. exf6 gxf6 23. Bh6 Re8 24. Rec2 Bd6 25. h4 b5 26. h5 Ne7 27. Bd3 Nf5 28. Bxf5 exf5 29. Qd2 b4 30. Bf4 b3 31. Rc7 Bxc7 32. Rxc7 Qe6 33. Be5 Re7 34. Ng5 fxg5 35. Qxg5+ Kf8 36. Rxe7 Qxe7 37. Qh6+ Ke8 38. Qc6+ Qd7 39. Qxa8 Qb7 40. Qb8 Qxb8 41. Bxb8 b2 0-1

[Event "Titled Tuesday intern op 28th Jun Early"]
[Site "Chess.com INT"]
[Date "2022.06.28"]
[Round "1"]
[White "Bringas Gomez, Artai"]
[Black "Ozturk, Efe Hakan"]
[Result "0-1"]
[WhiteElo "2203"]
[BlackElo "2061"]
[PlyCount "94"]
[EventDate "2022.06.28"]
[EventType "swiss (blitz)"]
[EventRounds "11"]
[EventCountry "USA"]
[SourceTitle "CBM 209 Extra"]
[Source "ChessBase"]
[SourceDate "2022.09.30"]
[SourceVersion "1"]
[SourceVersionDate "2022.09.30"]
[SourceQuality "1"]

1. e4 e5 2. Nf3 Nc6 3. Bb5 a6 4. Ba4 Nf6 5. d3 b5 6. Bb3 d6 7. a3 Be7 8. Nc3 0-0 9. Bg5 Be6 10. Bxf6 Bxf6 11. Bd5 Qd7 12. 0-0 Rae8 13. b4 Nd4 14. Ne1 c6 15. Bxe6 fxe6 16. a4 d5 17. axb5 axb5 18. Ra6 Ra8 19. Qa1 Qb7 20. Ra5 Rxa5 21. bxa5 Ra8 22. Nf3 Nxf3+ 23. gxf3 Bd8 24. Ne2 d4 25. f4 Rxa5 26. Qc1 Qc7 27. Kh1 exf4 28. Rg1 e5 29. c3 c5 30. Qb1 Qf7 31. cxd4 cxd4 32. Qc1 Ra2 33. Qc8 Qe7 34. Re1 h6 35. Qc6 Kh7 36. Qc8 Ba5 37. Qf5+ g6 38. Qc8 Bxe1 39. Ng1 Rxf2 40. Qa8 f3 41. Qc8 Bd2 42. Qg4 Bf4 43. Nxf3 h5 44. Qh3 Qc7 45. Kg1 Ra2 46. Qe6 Qc1+ 47. Ne1 Qxe1# 0-1

[Event "Titled Tuesday intern op 28th Jun Early"]
[Site "Chess.com INT"]
[Date "2022.06.28"]
[Round "2"]
[White "Onslow, Alfie"]
[Black "Bringas Gomez, Artai"]
[Result "1-0"]
[WhiteElo "2118"]
[BlackElo "2203"]
[PlyCount "85"]
[EventDate "2022.06.28"]
[EventType "swiss (blitz)"]
[EventRounds "11"]
[EventCountry "USA"]
[SourceTitle "CBM 209 Extra"]
[Source "ChessBase"]
[SourceDate "2022.09.30"]
[SourceVersion "1"]
[SourceVersionDate "2022.09.30"]
[SourceQuality "1"]

1. e4 c5 2. Nc3 d6 3. d4 cxd4 4. Qxd4 Nc6 5. Qd2 e6 6. b3 Nf6 7. Bb2 d5 8. exd5 exd5 9. 0-0-0 Bb4 10. a3 Ba5 11. b4 Nxb4 12. axb4 Bxb4 13. Qe2+ Kf8 14. Qb5 Bxc3 15. Bxc3 Be6 16. Nf3 Ne4 17. Bd4 h5 18. Qb2 f6 19. Bb5 a6 20. Ba4 b5 21. Bb3 h4 22. h3 Rh5 23. Rhe1 Bf7 24. Rxe4 dxe4 25. Bc5+ Rxc5 26. Rxd8+ Rxd8 27. Nd2 Bxb3 28. Qxb3 Rcd5 29. Nxe4 a5 30. Nc3 Rc5 31. Nxb5 Rb8 32. c4 Rbxb5 33. Qd3 a4 34. Qd8+ Kf7 35. Qd7+ Kf8 36. Qxb5 Rxb5 37. cxb5 Ke7 38. Kb2 Kd6 39. Ka3 Kc5 40. Kxa4 Kb6 41. Kb4 f5 42. f4 g6 43. Kc4 1-0

[Event "Titled Tuesday intern op 14th Jun Late"]
[Site "Chess.com INT"]
[Date "2022.06.14"]
[Round "3"]
[White "Bringas Gomez, Artai"]
[Black "Babazada, Khazar Araz"]
[Result "0-1"]
[WhiteElo "2203"]
[BlackElo "2431"]
[PlyCount "154"]
[EventDate "2022.06.14"]
[EventType "swiss (blitz)"]
[EventRounds "11"]
[EventCountry "USA"]
[SourceTitle "EXT 2023"]
[Source "ChessBase"]
[SourceDate "2022.10.05"]
[SourceVersion "1"]
[SourceVersionDate "2022.10.05"]
[SourceQuality "1"]

1. d4 Nf6 2. c4 a6 3. g3 c5 4. dxc5 e6 5. Bg2 Bxc5 6. Nf3 0-0 7. 0-0 Nc6 8. b3 b5 9. Na3 Qa5 10. Nc2 bxc4 11. bxc4 d5 12. cxd5 Nxd5 13. Bd2 Qa4 14. e4 Nf6 15. e5 Nd5 16. h4 a5 17. h5 h6 18. Qc1 Qg4 19. Nce1 Ba6 20. Qxc5 Bxf1 21. Bxf1 Rac8 22. Qa3 Ncb4 23. Qxa5 Nc2 24. Nxc2 Rxc2 25. Bg2 Rb8 26. a4 Rbb2 27. Nh2 Qe2 28. Be1 Rc8 29. Nf3 Rcb8 30. Nd4 Qd3 31. Nc6 Rf8 32. Bxd5 exd5 33. Qxd5 Qe2 34. Ne7+ Kh8 35. a5 Rb5 36. Qd6 Rxe5 37. Ng6+ fxg6 38. Qxf8+ Kh7 39. hxg6+ Kxg6 40. Qf4 Rf5 41. Qd6+ Kh7 42. Qc6 Qb2 43. Qc3 Qb7 44. a6 Qe4 45. Qe3 Qd5 46. g4 Rf3 47. Ra5 Qf7 48. Rf5 Rxf5 49. gxf5 Qxf5 50. a7 Qg4+ 51. Qg3 Qe4 52. Qg2 Qxe1+ 53. Kh2 Qe5+ 54. Qg3 Qd5 55. Qb8 Qh5+ 56. Kg2 Qg4+ 57. Qg3 Qe4+ 58. Kh2 Qb7 59. Qe3 Qc7+ 60. Kg1 g6 61. Qd4 Qc1+ 62. Kh2 Qc7+ 63. f4 Qb7 64. Qc5 h5 65. Kg3 Qb3+ 66. Kf2 Qb7 67. Ke3 h4 68. f5 h3 69. fxg6+ Kxg6 70. Qd6+ Kf5 71. Qf4+ Kg6 72. Qe4+ Qxe4+ 73. Kxe4 h2 74. Ke5 h1Q 75. Kd6 Qa8 76. Kc7 Qxa7+ 77. Kc6 Qa6+ 0-1

[Event "Titled Tuesday intern op 14th Jun Late"]
[Site "Chess.com INT"]
[Date "2022.06.14"]
[Round "4"]
[White "Bringas Gomez, Artai"]
[Black "Ivanisevic, Ivan"]
[Result "0-1"]
[WhiteElo "2203"]
[BlackElo "2557"]
[PlyCount "58"]
[EventDate "2022.06.14"]
[EventType "swiss (blitz)"]
[EventRounds "11"]
[EventCountry "USA"]
[SourceTitle "EXT 2023"]
[Source "ChessBase"]
[SourceDate "2022.10.05"]
[SourceVersion "1"]
[SourceVersionDate "2022.10.05"]
[SourceQuality "1"]

1. d4 d5 2. Nf3 Nf6 3. c4 e6 4. g3 h6 5. Bg2 Bd6 6. 0-0 0-0 7. Nbd2 Nc6 8. Re1 a5 9. e4 Be7 10. e5 Nd7 11. cxd5 exd5 12. Nf1 Nb6 13. Ne3 f6 14. Nh4 fxe5 15. Ng6 exd4 16. Nxf8 dxe3 17. Ng6 exf2+ 18. Kxf2 Bc5+ 19. Kf1 Qf6+ 20. Nf4 Bf5 21. Bxd5+ Kh8 22. Bxc6 Qxc6 23. Be3 Qh1+ 24. Kf2 Qxh2+ 25. Ng2 Be4 26. Bxc5 Qxg2+ 27. Ke3 Re8 28. Kf4 Nd5+ 29. Qxd5 Qf3# 0-1

[Event "Titled Tuesday intern op 14th Jun Late"]
[Site "Chess.com INT"]
[Date "2022.06.14"]
[Round "6"]
[White "Bringas Gomez, Artai"]
[Black "Wieczorek, Oskar"]
[Result "1-0"]
[WhiteElo "2203"]
[BlackElo "2505"]
[PlyCount "71"]
[EventDate "2022.06.14"]
[EventType "swiss (blitz)"]
[EventRounds "11"]
[EventCountry "USA"]
[SourceTitle "EXT 2023"]
[Source "ChessBase"]
[SourceDate "2022.10.05"]
[SourceVersion "1"]
[SourceVersionDate "2022.10.05"]
[SourceQuality "1"]

1. d4 Nf6 2. c4 c5 3. d5 g6 4. Nc3 Bg7 5. e4 d6 6. Nge2 0-0 7. Ng3 e6 8. Be2 exd5 9. exd5 h5 10. h4 Ng4 11. Bg5 f6 12. Bf4 Ne5 13. Qd2 Re8 14. Kf1 Nbd7 15. Kg1 Nf8 16. Rf1 f5 17. Bg5 Bf6 18. Bxh5 gxh5 19. Nxh5 Nh7 20. Nxf6+ Nxf6 21. h5 Qe7 22. h6 Qf7 23. Nb5 Ne4 24. Qc1 a6 25. Nc3 Kh7 26. Ne2 Rg8 27. f4 Ng4 28. Rh3 Bd7 29. Ng3 Nxg3 30. Rxg3 Rae8 31. Qc2 Re4 32. Rxg4 Rge8 33. Rg3 Re2 34. Qc3 b5 35. Bh4 Rh8 36. Rg7+ 1-0

[Event "Titled Tuesday intern op 14th Jun Late"]
[Site "Chess.com INT"]
[Date "2022.06.14"]
[Round "8"]
[White "Vasquez Schroder, Rodrigo Rafael"]
[Black "Bringas Gomez, Artai"]
[Result "1-0"]
[WhiteElo "2506"]
[BlackElo "2203"]
[PlyCount "45"]
[EventDate "2022.06.14"]
[EventType "swiss (blitz)"]
[EventRounds "11"]
[EventCountry "USA"]
[SourceTitle "EXT 2023"]
[Source "ChessBase"]
[SourceDate "2022.10.05"]
[SourceVersion "1"]
[SourceVersionDate "2022.10.05"]
[SourceQuality "1"]

1. e4 c6 2. d4 d5 3. exd5 cxd5 4. c4 Nf6 5. Nc3 Nc6 6. Bg5 Be6 7. a3 g6 8. Be2 Bg7 9. Bf3 Qb6 10. cxd5 Bxd5 11. Nxd5 Nxd5 12. Ne2 Rd8 13. 0-0 0-0 14. Nc3 Nxc3 15. bxc3 Rd7 16. Qa4 Nb8 17. Bf4 Qa6 18. Qxa6 Nxa6 19. Rab1 b6 20. a4 Rc8 21. Rfc1 Rc4 22. Be2 Rxa4 23. Bb5 1-0

[Event "Titled Tuesday intern op 07th Jun Late"]
[Site "Chess.com INT"]
[Date "2022.06.07"]
[Round "3"]
[White "Bringas Gomez, Artai"]
[Black "Barash, Anton"]
[Result "1-0"]
[WhiteElo "2203"]
[BlackElo "2045"]
[PlyCount "45"]
[EventDate "2022.06.07"]
[EventType "swiss (blitz)"]
[EventRounds "11"]
[EventCountry "USA"]
[SourceTitle "CBM 208 Extra"]
[Source "ChessBase"]
[SourceDate "2022.07.31"]
[SourceVersion "1"]
[SourceVersionDate "2022.07.31"]
[SourceQuality "1"]

1. d4 d5 2. c4 e6 3. Nf3 Nf6 4. g3 dxc4 5. Bg2 Nc6 6. Qa4 Bb4+ 7. Bd2 Nd5 8. 0-0 Rb8 9. Qb5 0-0 10. Qxc4 Bd7 11. a3 Bxd2 12. Nbxd2 b5 13. Qd3 a5 14. e4 Nb6 15. Rfc1 Qe7 16. Rc2 Rfd8 17. Rac1 b4 18. Rxc6 Bxc6 19. Rxc6 bxa3 20. bxa3 Na4 21. Ne5 Rb2 22. Nec4 Ra2 23. Qb3 1-0

[Event "Titled Tuesday intern op 07th Jun Late"]
[Site "Chess.com INT"]
[Date "2022.06.07"]
[Round "11"]
[White "Bringas Gomez, Artai"]
[Black "Larino Nieto, David"]
[Result "1/2-1/2"]
[WhiteElo "2203"]
[BlackElo "2444"]
[PlyCount "65"]
[EventDate "2022.06.07"]
[EventType "swiss (blitz)"]
[EventRounds "11"]
[EventCountry "USA"]
[SourceTitle "CBM 208 Extra"]
[Source "ChessBase"]
[SourceDate "2022.07.31"]
[SourceVersion "1"]
[SourceVersionDate "2022.07.31"]
[SourceQuality "1"]

1. d4 e6 2. c4 b6 3. Nc3 Bb7 4. e4 Bb4 5. Qc2 Bxc3+ 6. bxc3 d6 7. Bd3 Nd7 8. Ne2 e5 9. 0-0 Ngf6 10. f4 0-0 11. fxe5 dxe5 12. Bg5 h6 13. Bh4 Re8 14. Rf5 Qe7 15. Raf1 Qd6 16. c5 bxc5 17. d5 c4 18. Bxf6 Nxf6 19. Rxf6 gxf6 20. Ng3 cxd3 21. Qxd3 Ba6 22. c4 Qc5+ 23. Kh1 Bxc4 24. Qc2 Kh8 25. Qc1 Qf8 26. Rxf6 Rab8 27. Rxh6+ Kg8 28. Nf5 Rb6 29. Rxb6 axb6 30. Qg5+ Kh7 31. Qh5+ Kg8 32. Qg5+ Kh7 33. Qh5+ 1/2-1/2